000 00674cam a22002297a 4500
001 16848134
003 ARRUPE
005 20131011133952.0
008 110629s2011 za a 000 p eng
010 _a 2011343305
020 _a9789982223201
040 _aDLC
_cDLC
042 _alcode
050 0 0 _aPR9405.N7
_bC3 2011
100 1 _aChisha, Ntalasha.
_92475
245 1 0 _aCan dry bones live again? /
_cby Chisha Ntalasha.
260 _aLusaka :
_bIngenious Drama Alliance,
_cc 2011.
300 _a40 p. :
_bill. ;
_c19 cm.
906 _a7
_bcbc
_corigode
_d4
_encip
_f20
_gy-gencatlg
942 _2lcc
_cMONOGRAPH
999 _c118335
_d118335